000 00296nam a22001337a 4500
008 181022b xxu||||| |||| 00| 0 eng d
020 _a9780201960723
041 _aeng
080 _a004
100 _a37
101 _aSHK
245 _aThe Autodesk Collection
_cShawna.d.l
942 _2udc
_cBK
999 _c50377
_d50377